000
00263nam a22001217a 4500
008
170907b xxu||||| |||| 00| 0 eng d
041
_a
eng
080
_a
72
100
_a
25
101
_a
IM
245
_a
MODERN OPTICAL ENGINEERING
_c
SMITH,W.J
942
_2
udc
_c
BK
999
_c
26418
_d
26418